| 000 | 00694cam a22002295a 4500 | ||
|---|---|---|---|
| 001 | 017571240 | ||
| 003 | OSt | ||
| 005 | 20161016152513.0 | ||
| 008 | 150929t2015 gw a frb 001 0 eng d | ||
| 020 | _a9783662474495 | ||
| 040 |
_aStDuBDS _beng _cStDuBDS _dEG-ScBUE |
||
| 082 | 0 | 4 |
_a617.67 _222 _bDEN |
| 245 | 0 | 0 |
_aDental caries : _bprinciples and management / _cedited by Xue-Dong Zhou. |
| 260 |
_aBerlin : _bSpringer, _cc.2016. |
||
| 300 |
_aviii, 183 p. : _bill. ; _c26 cm. |
||
| 500 | _aIndex : p. 175-183. | ||
| 504 | _aIncludes bibliographical references. | ||
| 650 | 7 |
_aDental caries. _2BUEsh _941374 |
|
| 653 |
_bDDent _cOctober2016 |
||
| 700 | 1 |
_aZhou, Xue-Dong, _eeditor. |
|
| 942 | _2ddc | ||
| 999 |
_c22620 _d22592 |
||